Textbook of Medical Physiology (Record no. 415)
[ view plain ]
| 000 -LEADER | |
|---|---|
| fixed length control field | 00854pam a2200289 a 4500 |
| 001 - CONTROL NUMBER | |
| control field | 4360198 |
| 003 - CONTROL NUMBER IDENTIFIER | |
| control field | OSt |
| 005 - DATE AND TIME OF LATEST TRANSACTION | |
| control field | 20191011151415.0 |
| 008 - FIXED-LENGTH DATA ELEMENTS--GENERAL INFORMATION | |
| fixed length control field | 900509s1991 paua b 001 0 eng c |
| 010 ## - LIBRARY OF CONGRESS CONTROL NUMBER | |
| LC control number | 90008653 |
| 020 ## - INTERNATIONAL STANDARD BOOK NUMBER | |
| International Standard Book Number | 9780721639949 |
| 020 ## - INTERNATIONAL STANDARD BOOK NUMBER | |
| International Standard Book Number | 0721630871 |
| 040 ## - CATALOGING SOURCE | |
| Original cataloging agency | DNLM/DLC |
| Transcribing agency | DLC |
| Modifying agency | DLC |
| 050 00 - LIBRARY OF CONGRESS CALL NUMBER | |
| Classification number | QP34.5 |
| Item number | .G9 1991 |
| 060 ## - NATIONAL LIBRARY OF MEDICINE CALL NUMBER | |
| Classification number | QT 104 G992t |
| 082 00 - DEWEY DECIMAL CLASSIFICATION NUMBER | |
| Classification number | QT104 G994T 1991 |
| Edition number | 20 |
| 100 1# - MAIN ENTRY--PERSONAL NAME | |
| Personal name | Guyton, Arthur C. |
| 9 (RLIN) | 1016 |
| 245 10 - TITLE STATEMENT | |
| Title | Textbook of Medical Physiology |
| 250 ## - EDITION STATEMENT | |
| Edition statement | 8th ed. |
| 260 ## - PUBLICATION, DISTRIBUTION, ETC. (IMPRINT) | |
| Place of publication, distribution, etc. | Philadelphia : |
| Name of publisher, distributor, etc. | Saunders, |
| Date of publication, distribution, etc. | 1991. |
| 300 ## - PHYSICAL DESCRIPTION | |
| Extent | xli, 1014 p. : |
| Other physical details | ill. (some col.) ; |
| Dimensions | 29 cm. |
| 504 ## - BIBLIOGRAPHY, ETC. NOTE | |
| Bibliography, etc | Includes bibliographical references and index. |
| 650 #0 - SUBJECT ADDED ENTRY--TOPICAL TERM | |
| Topical term or geographic name as entry element | Human physiology. |
| 9 (RLIN) | 133 |
| 906 ## - LOCAL DATA ELEMENT F, LDF (RLIN) | |
| a | 7 |
| b | cbc |
| c | orignew |
| d | 1 |
| e | ocip |
| f | 19 |
| g | y-gencatlg |
| 942 ## - ADDED ENTRY ELEMENTS (KOHA) | |
| Source of classification or shelving scheme | Other/Generic Classification Scheme |
| Koha item type | Short Loan |
| Withdrawn status | Lost status | Source of classification or shelving scheme | Damaged status | Not for loan | Home library | Current library | Date acquired | Source of acquisition | Inventory number | Total Checkouts | Full call number | Barcode | Date last seen | Koha item type | Total Renewals | Date last checked out |
|---|---|---|---|---|---|---|---|---|---|---|---|---|---|---|---|---|
| Other/Generic Classification Scheme | MUST Main Library | MUST Main Library | 16/09/2014 | Purchase | 4136 | QT104 G994T 1991 | 2014-2774 | 16/09/2014 | Book Bank | |||||||
| Other/Generic Classification Scheme | MUST Main Library | MUST Main Library | 16/09/2014 | Purchase | 97/11293 | QT104 G994T 1991 | 2014-2775 | 16/09/2014 | Book Bank | |||||||
| Other/Generic Classification Scheme | MUST Main Library | MUST Main Library | 22/05/2018 | purchase | 204 | QT104 G994T 1991 | 2018-0260 | 22/05/2018 | Book Bank | |||||||
| Other/Generic Classification Scheme | MUST Main Library | MUST Main Library | 11/10/2019 | Purchase | 97/11292 | 8 | QT104 G994T 1991 | 2019-0534 | 12/09/2025 | Open Shelf | 1 | 29/08/2025 | ||||
| Other/Generic Classification Scheme | MUST Main Library | MUST Main Library | 11/10/2019 | Purchase | 202 | 2 | QT104 G994T 1991 | 2019-0535 | 28/04/2022 | Book Bank | 19/04/2022 | |||||
| Other/Generic Classification Scheme | MUST Main Library | MUST Main Library | 11/10/2019 | Purchase | 213 | 1 | QT104 G994T 1991 | 2019-0536 | 08/04/2023 | Book Bank | 20/02/2023 |
